Técnicas de modelación en hidráulica

Uloženo v:
Podrobná bibliografie
Hlavní autor: Vergara Sánchez, Miguel A.
Médium: Kniha
Vydáno: México Alfaomega 1995
Témata:
Tagy: Přidat tag
Žádné tagy, Buďte první, kdo vytvoří štítek k tomuto záznamu!

MARC

LEADER 00000nam a2200000Ia 4500
003 000003
005 20221231144016.0
008 140114s1995 mx a 000 ||s d
020 |a 970-15-0114-4. 
040 |c cru CEDI 
082 |a 627.04 V494t 
100 |a Vergara Sánchez, Miguel A.  |9 18858 
245 |a Técnicas de modelación en hidráulica 
260 |a México Alfaomega   |c 1995 
300 |a  x,294p. il., diagrs., retrs. 23 cm. 
650 |x INGENIERIA HIDRAULICA  |x  HIDRAULICA | MODELADO  |9 18859 
942 |2 ddc  |c BK 
999 |c 15560  |d 15560